000 00759nam a22002297a 4500
999 _c16839
_d16839
003 AR-CdUCM
008 190506b ||||| |||| 00| 0 spa d
040 _aMUNICIPALIDAD PROVINCIAL DEL CUSCO
_cBIBLIOTECA MUNICIPAL DEL CUSCO
082 _a181 /
_bR68
100 _aRiviére, Jean Roger
_920389
245 _aEl Pensamiento filosófico de Asia /
260 _aMadrid :
_bGredos,
_c1960.
300 _a533 páginas ;
_c20 cm.
440 _aBiblioteca hispánica de filosofía ;
_936536
505 _aContenido: El Pensamiento filosófico de Asia -- India -- China y Japón.
650 _aFilosofía Griega
_918933
650 _aHistoria
_9136
650 _aCiencia
_92098
650 _aTeoría
_95077
942 _2ddc
_cLIBROS
945 _aacv
_d2019-05-06